Score 0/25 Timer 05:00
0 Plays Today
% Correct
absence
92.2%
laboratory
87.2%
alcohol
87.1%
missile
84.9%
mandatory
84.9%
neurological
84%
badminton
81.9%
wheelbarrow
80.7%
ratify
79.7%
Sacramento
78.9%
handkerchief
78%
tariff
77.9%
octagon
77.8%
% Correct
Massachusetts
77%
tablecloths
75.5%
berserk
71.9%
cacophony
67.7%
androgynous
65.2%
mischievous
65%
admissible
63.6%
accordion
62.7%
abuts
58.1%
dachshund
54.3%
battalion
53.3%
guttural
52.7%
Remove Ads.
Support Sporcle.
Get the best of Sporcle when you Go Orange. This ad-free experience offers more features, more stats, and more fun while also helping to support Sporcle. Thank you for becoming a member.

You're not logged in!

Compare scores with friends on all Sporcle quizzes.
OR
Log In

Show Comments

Extras

Top Quizzes Today


Score Distribution

Your Account Isn't Verified!

In order to create a playlist on Sporcle, you need to verify the email address you used during registration. Go to your Sporcle Settings to finish the process.

Report this User

Report this user for behavior that violates our Community Guidelines.

Details: